000 00445nam a2200181Ia 4500
001 17116
005 20260306170401.0
008 260306t2015||||xx |||||||||||||| ||und||
041 _aESP
082 _a657.458
_bS25
100 _aSantillana González, Juan Ramón
_eAUT
245 0 _aSistemas de control interno
260 _c2015
300 _axxi, 391 páginas :
_c25 cm.
650 _aGEN
654 _aCCO
942 _cLIB
_dJUS
_fJUS
_2ddc
_n
999 _c17116
_d17116